000 00303 a2200121 4500
000 nam a22 7a 4500
005 20260225112552.0
020 _a9789369446643
100 _aGyanranja, Kamla Prasad
_91116601
245 _aPakistan Mein Urdu Kalam
260 _bVani Prakashan
_c2025
942 _cTEXL
999 _c1680212
_d1680212